| 000 | 00739nam a2200241 a 4500 | ||
|---|---|---|---|
| 003 | DO-SdBNP | ||
| 005 | 20251113124908.0 | ||
| 007 | ta | ||
| 008 | 221201e200? a|||gr|||| 00| 0 spa d | ||
| 020 | _a9789945509137 | ||
| 040 |
_aDO-SdBNP _bspa _cBNPHU |
||
| 082 | 4 |
_222 _bH116d |
|
| 245 |
_aHablemos de democracia y ciudadanía resiliente: _bun marco para analizar las políticas sociales. / |
||
| 260 |
_a[Santo Domingo] : _bResiliencia y Género, _c[200?) |
||
| 300 |
_a[19] p. : _bil. ; _c25 cm. |
||
| 590 | _aInventariado 2022 / MF | ||
| 650 | 4 |
_917517 _aDemocracia _xAspectos sociales |
|
| 650 | 4 |
_979592 _aPolíticas Sociales |
|
| 650 | 0 |
_a Igualdad _912328 |
|
| 650 | 0 |
_aCiudadanía _96372 |
|
| 910 | _aMFeliz | ||
| 942 |
_2ddc _cLF2 |
||
| 999 |
_c53044 _d53044 |
||